000 00638nam a22002177a 4500
003 UA-OsUOA
001 58919
007 ta
008 20090303b un ||||| |||| 00| 0 ukr d
100 _aМовчан Р.
090 _a82
_bМ74
942 _cSA
040 _aUA-OsUOA
_bukr
_cUA-OsUOA
_dUA-OsUOA
245 _a"Європа і ми": колізії та особливості українського оксиденталізму 1920-х років
300 _aС.3-16
955 _a0
041 _aukr
080 _a82
773 0 _w58918
650 7 _a82 Література. Літературознавство
_2UDC
999 _c345008
_d345008